Language Quiz

Random Language Quiz
Score 0/28 Timer 04:00
0 Plays Today
Hint Answer % Correct
White Blanco
83.2%
GreenVerde
80.9%
BlackNegro
79.2%
DumbTonto
78.6%
TallAlto
78.6%
FatGordo
78%
GrayGris
78%
Intelligent Inteligente
76.3%
PinkRosado
75.7%
UglyFeo
74%
YellowAmarillo
73.4%
PurpleMorado
73.4%
Hardworking Trabajador
71.1%
PrettyBonito
71.1%
Hint Answer % Correct
LongLargo
71.1%
BrownMarrón
71.1%
FunDivertido
71.1%
ShortBajo
70.5%
Good looking Guapo
69.9%
SkinnyFlaco
68.8%
LazyPerezoso
67.6%
BeautifulHermoso
67.6%
NiceSimpático
67.1%
MeanAntipático
66.5%
Short/legnth Corto
66.5%
OrangeAnaranjado
66.5%
FunnyCómico
66.5%
ThinDelgado
62.4%
Remove Ads.
Support Sporcle.
Get the best of Sporcle when you Go Orange. This ad-free experience offers more features, more stats, and more fun while also helping to support Sporcle. Thank you for becoming a member.

You're not logged in!

Compare scores with friends on all Sporcle quizzes.
OR
Log In

Show Comments

Extras

Created Sep 17, 2017ReportNominate
Tags:Ser

Top Quizzes Today


Score Distribution

Your Account Isn't Verified!

In order to create a playlist on Sporcle, you need to verify the email address you used during registration. Go to your Sporcle Settings to finish the process.

Report this User

Report this user for behavior that violates our Community Guidelines.

Details: